000 00285nam a2200121 a 4500
005 20140414093832.0
008 020927s19uu xx 00 eng d
050 _aVHS 900
_bOR 08
245 _aBayani. Vol. 2.
260 _bABS-CBN Foundation,Inc.
942 _cAVM
999 _c108781
_d108781